|
|
|
|
| LEADER |
00954nam a2200241 a 4500 |
| 001 |
4372239 |
| 008 |
091012b nyua i000 0 eng d |
| 010 |
|
|
|a 90221573
|
| 040 |
|
|
|a DLC
|c DLC
|
| 082 |
|
|
|a 362.1
|2 20
|
| 245 |
0 |
0 |
|a All for health :
|b a resource book for Facts of life.
|
| 260 |
|
|
|a New York, NY :
|b UNICEF
|
| 300 |
|
|
|a 73 p. :
|b ill. ;
|c 24 cm.
|
| 500 |
|
|
|a This book is about--and for--everyone who can help to communicate today's child health knowledge to parents and communities in the developing world.
|
| 541 |
1 |
|
|e 00003776
|
| 650 |
|
0 |
|a Children
|x Health and welfare
|
| 650 |
|
0 |
|a Child Welfare.
|
| 650 |
|
0 |
|a Information Dissemination.
|
| 710 |
2 |
|
|a UNICEF.
|
| 730 |
0 |
|
|a Facts for life.
|
| 852 |
4 |
|
|a Ayesha Abed Library
|j General shelf
|
| 999 |
|
|
|c 8112
|d 8112
|
| 952 |
|
|
|0 0
|1 0
|2 ddc
|4 0
|6 362_100000000000000_ALL
|7 0
|9 9251
|a BRACUL
|b BRACUL
|c GEN
|d 2010-04-18
|g 0.00
|l 0
|o 362.1 ALL
|p 3010003776
|r 2010-04-18
|t 1
|w 2010-04-18
|y BK
|z Not price in Register
|